000 01715nam0a2200337 4500
001 RU\NLR\bibl\851594
005 20260407043911.0
021 _aRU
_b2005-24563
_91242
035 _a(NLR Aleph) 000840344
090 _a1416454
_c1416454
100 _a20051011d2004 |||y0rusy50 ca
101 0 _arus
_aeng
_ager
102 _aRU
105 _aa |||||||||
200 1 _aНекоторые вопросы английской и немецкой филологии
_eсборник иностранных текстов
_fМоск. гуманит.-экон. ин-т, Новорос. фил.
_gпод. ред. Т.Б. Польской
210 _aНовороссийск
_cНГМА
_d2004
215 _a44 с.
_cил.
_d21
320 _aБиблиогр. в конце отд. текстов и в подстроч. прим.
606 1 _aАнглийский язык
_jУчебные издания для высших учебных заведений
_xСтилистика
_9977129
_3RU\NLR\auth\6648589
606 1 _aНемецкий язык
_jУчебные издания для высших учебных заведений
_xСтилистика
_91724224
_3RU\NLR\auth\66769800
686 _aШ143.21-93рус3-7
686 _aШ143.24-93рус3-7
702 1 _aПольская
_bТ. Б.
_4340
712 0 2 _4570
_aМосковский государственный гуманитарно-экономический институт
_bНовороссийский филиал
_9530677
_3RU\NLR\AUTH\8810016409
801 0 _aRU
_bNLR
_c20051011
_grcr
801 1 _aRU
_bNLR
_c20051011
830 _aред. в кат. нет
942 _cBOOK
980 _aNB